[Event "Chigorin Memorial 18th"]
[Site "St Petersburg"]
[Date "2010.11.02"]
[Round "6"]
[White "Trofimov, Vladimir1111"]
[Black "Lakovic, Igor"]
[Result "1-0"]
[WhiteElo "2221"]
[BlackElo "1968"]
[PlyCount "45"]
[EventDate "2010.10.28"]
[EventType "swiss"]
[EventRounds "9"]
[EventCountry "RUS"]
[SourceTitle "EXT 2011"]
[Source "ChessBase"]
[SourceDate "2010.11.26"]
[SourceVersion "1"]
[SourceVersionDate "2010.11.26"]
[SourceQuality "1"]

1. c4 Nf6 2. Nc3 e6 3. e4 d5 4. e5 d4 5. exf6 dxc3 6. bxc3 Qxf6 7. d4 e5 8. Qe2 Be7 9. dxe5 Qg6 10. Qe3 0-0 11. Ne2 Na6 12. Nf4 Qc6 13. Be2 Bf5 14. 0-0 Bc5 15. Qg3 Qa4 16. Bd1 Qa5 17. h4 c6 18. Qg5 Qxc3 19. Qxf5 Qxa1 20. Bc2 g6 21. Qf6 Rfe8 22. Bxg6 Qxe5 23. Qxf7+ 1-0

[Event "Chigorin Memorial 18th"]
[Site "St Petersburg"]
[Date "2010.10.31"]
[Round "4"]
[White "Bezobrazov, Lev"]
[Black "Lakovic, Igor"]
[Result "0-1"]
[WhiteElo "1661"]
[BlackElo "1968"]
[PlyCount "80"]
[EventDate "2010.10.28"]
[EventType "swiss"]
[EventRounds "9"]
[EventCountry "RUS"]
[SourceTitle "EXT 2011"]
[Source "ChessBase"]
[SourceDate "2010.11.26"]
[SourceVersion "1"]
[SourceVersionDate "2010.11.26"]
[SourceQuality "1"]

1. Nf3 Nf6 2. g3 d5 3. c4 c6 4. b3 Bf5 5. Bb2 e6 6. Bg2 Be7 7. 0-0 0-0 8. d4 a5 9. Nc3 h6 10. e3 Nbd7 11. a3 Qc7 12. Rc1 Ne4 13. Nxe4 Bxe4 14. c5 Bf6 15. Qd2 Rfb8 16. Qc3 b6 17. cxb6 Rxb6 18. Ne5 Bxg2 19. Kxg2 Nxe5 20. dxe5 Be7 21. Rb1 Qb7 22. Bc1 c5 23. f3 a4 24. b4 cxb4 25. axb4 Bxb4 26. Qc2 a3 27. Rb3 Be7 28. Rxb6 Qxb6 29. Qa2 Bc5 30. Kf2 d4 31. exd4 Bxd4+ 32. Kg2 Bxe5 33. Re1 Bd6 34. Re3 Qc5 35. Bd2 Rb8 36. Rc3 Qd5 37. Qc2 Rb2 38. Rc8+ Bf8 39. Rxf8+ Kxf8 40. Qc8+ Ke7 0-1

[Event "Nova Gorica op-B 15th"]
[Site "Nova Gorica"]
[Date "2010.02.06"]
[Round "9"]
[White "Lakovic, Igor"]
[Black "Franca, Veronika"]
[Result "1-0"]
[WhiteElo "1934"]
[BlackElo "1714"]
[PlyCount "149"]
[EventDate "2010.01.31"]
[EventType "swiss"]
[EventRounds "9"]
[EventCountry "SLO"]
[SourceTitle "CBM 134 Extra"]
[Source "ChessBase"]
[SourceDate "2010.03.03"]
[SourceVersion "1"]
[SourceVersionDate "2010.03.03"]
[SourceQuality "1"]

1. c4 c6 2. g3 g6 3. Bg2 Bg7 4. Nc3 Nf6 5. Nf3 d6 6. 0-0 0-0 7. d4 Nbd7 8. Bf4 Nb6 9. b3 Re8 10. Qd2 Nh5 11. Bh6 f6 12. Bxg7 Nxg7 13. e4 e5 14. Rad1 Bg4 15. h3 Bxf3 16. Bxf3 Qd7 17. Kh2 Rad8 18. Bg2 a6 19. f4 Rf8 20. Qc1 Ne6 21. Ne2 Qg7 22. c5 dxc5 23. d5 cxd5 24. exd5 Nd4 25. Nxd4 cxd4 26. Qc5 Nd7 27. Qc7 b6 28. fxe5 fxe5 29. Rxf8+ Rxf8 30. d6 Rf2 31. Qc4+ Qf7 32. Qxa6 Qd5 33. Qc8+ Nf8 34. Rg1 Qxd6 35. Kh1 d3 36. Qc4+ Kg7 37. Bd5 d2 38. Rd1 b5 39. Qd3 Qb4 40. Qe3 Qd4 41. Qxd4 exd4 42. Kg1 Re2 43. Kf1 Re1+ 44. Rxe1 dxe1Q+ 45. Kxe1 Kf6 46. a4 Ke5 47. Bc6 bxa4 48. bxa4 Kd6 49. Be8 Ne6 50. Kd2 Nc5 51. g4 g5 52. Bb5 Ke5 53. Ke2 Nb3 54. Bc4 Na5 55. Bb5 h6 56. Be8 Ke4 57. Bg6+ Kd5 58. Kd3 Kc5 59. Ke4 Nc6 60. Be8 Ne7 61. a5 Nc8 62. Bd7 Na7 63. Be8 Kc4 64. a6 d3 65. Ba4 d2 66. Kf5 Kd4 67. Kg6 Ke4 68. Kxh6 Kf4 69. Kh5 Nc6 70. h4 gxh4 71. Kxh4 Ke5 72. g5 Kd6 73. g6 Kc7 74. a7 Nxa7 75. g7 1-0

[Event "Nova Gorica op-B 15th"]
[Site "Nova Gorica"]
[Date "2010.02.01"]
[Round "3"]
[White "Lakovic, Igor"]
[Black "Markoja, Sebastijan"]
[Result "1/2-1/2"]
[WhiteElo "1934"]
[BlackElo "1825"]
[PlyCount "85"]
[EventDate "2010.01.31"]
[EventType "swiss"]
[EventRounds "9"]
[EventCountry "SLO"]
[SourceTitle "CBM 134 Extra"]
[Source "ChessBase"]
[SourceDate "2010.03.03"]
[SourceVersion "1"]
[SourceVersionDate "2010.03.03"]
[SourceQuality "1"]

1. d4 Nf6 2. Bf4 d6 3. Nf3 g6 4. e3 Bg7 5. Be2 h6 6. h3 c6 7. 0-0 Qb6 8. Qc1 Nbd7 9. Nbd2 0-0 10. Nc4 Qc7 11. a4 b6 12. Re1 Bb7 13. c3 a6 14. Qc2 c5 15. Ncd2 Rfc8 16. Rad1 Bc6 17. c4 e5 18. dxe5 Nxe5 19. Nxe5 dxe5 20. Bh2 Re8 21. Bf3 Qb7 22. Bxc6 Qxc6 23. Nf3 Nd7 24. Rd5 e4 25. Rd6 Qb7 26. Nd2 Rad8 27. Rd1 Nf8 28. Nf1 Ne6 29. Ng3 f5 30. Ne2 Rxd6 31. Rxd6 Bf8 32. Rd5 Rd8 33. Qd2 Qe7 34. Nc3 Bg7 35. Rxd8+ Qxd8 36. Nd5 Kf7 37. b3 Bf8 38. Be5 Bg7 39. Qb2 Bf8 40. Bf6 Qd6 41. Be5 Qd8 42. Bf6 Qd6 43. Qe5 1/2-1/2

[Event "Mediterranean op 3rd"]
[Site "Rijeka"]
[Date "2009.12.02"]
[Round "6"]
[White "Kozarcanin, Sead"]
[Black "Lakovic, Igor"]
[Result "1-0"]
[WhiteElo "2187"]
[BlackElo "1940"]
[PlyCount "89"]
[EventDate "2009.11.27"]
[EventType "swiss"]
[EventRounds "9"]
[EventCountry "CRO"]
[SourceTitle "CBM 133 Extra"]
[Source "ChessBase"]
[SourceDate "2010.01.05"]
[SourceVersion "1"]
[SourceVersionDate "2010.01.05"]
[SourceQuality "1"]

1. e4 e5 2. Nc3 Nf6 3. g3 d5 4. exd5 Nxd5 5. Bg2 Nxc3 6. bxc3 Bd6 7. d3 Nc6 8. Nf3 0-0 9. 0-0 b6 10. h3 Bd7 11. Rb1 Rb8 12. Re1 Re8 13. Nd2 Qc8 14. Kh2 b5 15. c4 Nd4 16. c3 Ne6 17. cxb5 Bxb5 18. Ne4 Bd7 19. Be3 c5 20. c4 Be7 21. Nc3 Qa6 22. Re2 Bd6 23. Reb2 Nd4 24. Ne4 Rxb2 25. Rxb2 h6 26. Bxh6 f5 27. Nxd6 Qxd6 28. Be3 e4 29. dxe4 fxe4 30. Rd2 Qg6 31. Bxd4 cxd4 32. Rxd4 Bf5 33. g4 Bc8 34. Rd8 Bb7 35. Qd6 Qxd6+ 36. Rxd6 Rc8 37. Rd7 Bc6 38. Rxa7 Rf8 39. Kg3 Rd8 40. Rc7 Ba8 41. Re7 Kf8 42. Re5 Rd3+ 43. Kf4 e3 44. Bxa8 exf2 45. Bg2 1-0